日本の総トン数10000t超えのフェリー - Statistics

General Stats
  • This quiz has been taken 23 times
  • The average score is 18 of 41
Answer Stats
総トン数 運航会社 船名 % Correct
15400 東京九州フェリー/新日本海フェリー それいゆ
68%
15400 東京九州フェリー/新日本海フェリー はまゆう
63%
17382 新日本海フェリー/東京九州フェリー すずらん
58%
16292 阪九フェリー やまと
58%
15795 太平洋フェリー きそ
58%
15762 太平洋フェリー いしかり
58%
13694 太平洋フェリー きたかみ
58%
14214 新日本海フェリー あざれあ
53%
16292 阪九フェリー せっつ
53%
16040 阪九フェリー いずみ
53%
18229 新日本海フェリー らいらっく
47%
16810 新日本海フェリー はまなす
47%
14214 新日本海フェリー らべんだあ
47%
17382 新日本海フェリー/東京九州フェリー すいせん
47%
16040 阪九フェリー ひびき
47%
16810 新日本海フェリー あかしあ
42%
15025 名門大洋フェリー フェリーきょうと
42%
15025 名門大洋フェリー フェリーふくおか
42%
14920 名門大洋フェリー フェリーおおさかⅡ
42%
11401 商船三井フェリー さんふらわあ だいせつ
42%
17114 フェリーさんふらわあ さんふらわあ くれない
42%
18229 新日本海フェリー ゆうかり
37%
14920 名門大洋フェリー フェリーきたきゅうしゅうⅡ
37%
14759 四国開発フェリー おれんじ おおさか
37%
14749 四国開発フェリー おれんじ えひめ
37%
13816 商船三井フェリー さんふらわあ さっぽろ
37%
13816 商船三井フェリー さんふらわあ ふらの
37%
17114 フェリーさんふらわあ さんふらわあ むらさき
37%
11178 フェリーさんふらわあ さんふらわあ ごーるど
37%
11177 フェリーさんふらわあ さんふらわあ ぱーる
37%
12636 オーシャントランス フェリーしまんと
37%
12636 オーシャントランス フェリーびざん
37%
10536 川崎近海汽船 シルバープリンセス
37%
15732 四国開発フェリー おれんじホープ
32%
11410 商船三井フェリー さんふらわあ しれとこ
32%
13659 フェリーさんふらわあ さんふらわあ さつま
32%
13659 フェリーさんふらわあ さんふらわあ きりしま
32%
12636 オーシャントランス フェリーどうご
32%
12636 オーシャントランス フェリーりつりん
32%
14006 宮崎カーフェリー フェリーたかちほ
32%
14006 宮崎カーフェリー フェリーろっこう
32%
No matching quizzes found
Score Distribution
Percent of People with Each Score
Percentile by Number Answered
Your Score History
You have not taken this quiz